1571 1026 1714 1896 1481 1909 1325 1745 1293 1467 1030 1945 1471 1134 1800 1535 1211 1909 1494 1697 1760 1471 1016 1655 1187 1192 1055 1604 1305 1157 1299 1475 1254 1436 1188 1723 1739 1032 1410 1064 1809 1815 1394 1392 1156 1804 1241 1966 1663 1242 1535 1799 1159 1028 1518 1167 1350 1191 1401 1444 1131 1013 1528 1868 1381 1042 1075 1189 1672 1805 1311 1516 1956 1406 1289 1915 1098 1794 1908 1817 1772 1204 1700 1082 1612 1561 1860 1584 1783 1172 1841 1493 1014 1565 1948 1210 1241 1566 1808 BCNSPRNW ULIB Ver.6.0+V

เปลี่ยนเป็นภาษาไทย

Change to English
 แสดงรายละเอียดบรรณานุกรม
  กลับหน้าหลัก

Brief Record : Get Marc (ISO 2709) : E-mail record : QR code < ปิดหน้าต่าง
LEADER : 00000nam 2200000uu 4500
001    13399111935
003     ULIB
008    110707s2549||||th 000 0 tha d
020    9789749427682
020    9749427688
082 04 DS598^bป562ท 2549
100 0  ปาลิณ พิชญาภรณ์
245 10 เที่ยวไม่ง้อทัวร์ ตีตั๋วท่อง เซียะเหมิน /^cปาลิณ พิชญาภรณ์
250    พิมพ์ครั้งที่ 1
260    กรุงเทพฯ :^bทิบ ไทยอินเตอร์บุ๊ค,^c2549
300    196 หน้า :^bภาพประกอบ, แผนที่ ;^c19 ซม
651  7 เซียะเหมิน^xภูมิประเทศและการท่องเที่ยว
651  7 เซี๊ยะเหมิน^xหนังสือนำเที่ยว
710 1  ทิบไทยอินเตอร์บุ๊ค
945    ^p155^l0^i019617
995    ทศพร
999 ^a ใช้งานได้ทุกระบบ
รายการนี้ยังไม่มีแท็ก
คุณยังไม่ได้ล็อกอิน คุณสามารถมีกิจกรรมร่วมกับเว็บไซต์ได้ แต่ต้องล็อกอินก่อน ::
  ล็อกอิน

รายการสื่อสารสนเทศ

ลำดับที่ ประเภท เลขเรียก/บาร์โค้ด สถานที่ สถานะ
- ไม่พบข้อมูล -

BibComment


ยังไม่เคยถูกคอมเมนท์

คอมเมนท์ทรัพยากรรายการนี้
  คอมเมนท์: เที่ยวไม่ง้อทัวร์..


 Copyright 2026. Bcnsprnw @Library